[Event "4NCL Division 4 South"]
[Site "Maidenhead, ENG"]
[Date "2019.11.10"]
[Round "2.62"]
[White "Froom, Oliver"]
[Black "Amato, Giampiero"]
[Result "0-1"]
[WhiteElo "1927"]
[BlackElo "1995"]
[PlyCount "174"]
[EventDate "2019.11.10"]
[WhiteTeam "The Pitstop"]
[BlackTeam "CSC 2"]

1. e4 e5 2. Bc4 Nf6 3. d3 c6 4. Nf3 d5 5. Bb3 a5 6. a4 Bb4+ 7. c3 Bd6 8. O-O
O-O 9. Re1 Nbd7 10. Nbd2 Nc5 11. Bc2 Qc7 12. Nf1 Re8 13. Bg5 dxe4 14. dxe4 Be7
15. Ng3 Be6 16. Nf5 Bxf5 17. exf5 Rad8 18. Qe2 e4 19. Nd4 Qb6 20. Reb1 Nd3 21.
Be3 c5 22. Nb5 Qc6 23. c4 Rd7 24. Nc3 Red8 25. Bg5 Rd4 26. b3 R4d7 27. Rd1 h6
28. Be3 Qd6 29. f3 Qe5 30. Nxe4 Nxe4 31. fxe4 Qxe4 32. Qf3 Qxf3 33. gxf3 Bf6
34. Rab1 b6 35. Kf1 Kf8 36. Ke2 Ne5 37. Rxd7 Rxd7 38. Be4 Rd8 39. Bf4 Ke7 40.
Bxe5 Bxe5 41. h3 Kf6 42. Rg1 Bf4 43. Bd5 Rd7 44. Rg4 Re7+ 45. Be4 Bc1 46. Kd3
Bb2 47. Rg2 Bd4 48. Rg4 Rd7 49. Ke2 Bc3 50. Bd3 Re7+ 51. Be4 h5 52. Rg2 Rd7 53.
Bd3 Rd4 54. Rg3 Rh4 55. Be4 Be5 56. Rg2 Rxh3 57. Ke3 Bd4+ 58. Ke2 Rh1 59. f4
Ra1 60. Kf3 Rf1+ 61. Kg3 Re1 62. Bc2 Rh1 63. Rh2 Rg1+ 64. Rg2 Rf1 65. Rh2 Be3
66. Rxh5 Bxf4+ 67. Kg4 Be5 68. Rh3 Rf2 69. Bd3 Rb2 70. Be4 Rf2 71. Bd3 Rf4+ 72.
Kh5 Rd4 73. Rf3 Ke7 74. Bb1 Bf6 75. Rh3 Kd6 76. Rd3 Ke5 77. Rxd4 cxd4 78. Kg4
Be7 79. Kf3 Bc5 80. Be4 Bb4 81. Bc2 Bd2 82. Be4 Kf6 83. Bc2 g6 84. fxg6 fxg6
85. Be4 g5 86. Bd5 Ke5 87. Be4 g4+ 0-1

[Event "4NCL Division 4 South"]
[Site "Maidenhead, ENG"]
[Date "2019.11.10"]
[Round "2.63"]
[White "Lawson, Maurice E"]
[Black "Green, George D A"]
[Result "1-0"]
[WhiteElo "1962"]
[BlackElo "1570"]
[PlyCount "89"]
[EventDate "2019.11.10"]
[WhiteTeam "CSC 2"]
[BlackTeam "The Pitstop"]

1. e4 d6 2. d4 Nf6 3. Nc3 g6 4. f3 Nbd7 5. Be3 c6 6. Qd2 Qc7 7. O-O-O b5 8. g4
Nb6 9. g5 Nfd7 10. h4 b4 11. Nb1 a5 12. h5 Ba6 13. Bxa6 Rxa6 14. Qe2 Ra8 15.
hxg6 fxg6 16. f4 Bg7 17. f5 gxf5 18. Qh5+ Kf8 19. Rf1 Kg8 20. Rxf5 Rf8 21.
Rxf8+ Nxf8 22. Nd2 c5 23. Ne2 Ng6 24. Rf1 Nd7 25. Qf3 h5 26. gxh6 Bf6 27. Rg1
Kh7 28. Qf5 Rg8 29. Nf4 Ndf8 30. Nh5 Nd7 31. Nf4 Ndf8 32. Nd5 Qd8 33. Nxf6+
exf6 34. dxc5 dxc5 35. Qxc5 Ne6 36. Qf5 Nd4 37. Qf2 Nc6 38. Nf3 Qe7 39. Nd2 Qe6
40. Kb1 Nce5 41. Qe2 Rc8 42. Nb3 Nc4 43. Bc1 Qe5 44. Rxg6 Kxg6 45. Qg4+ 1-0

[Event "4NCL Division 4 South"]
[Site "Maidenhead, ENG"]
[Date "2019.11.10"]
[Round "2.64"]
[White "Fernando, Manel"]
[Black "Fowler, David"]
[Result "0-1"]
[WhiteElo "1476"]
[BlackElo "1964"]
[PlyCount "90"]
[EventDate "2019.11.10"]
[WhiteTeam "The Pitstop"]
[BlackTeam "CSC 2"]

1. d4 d5 2. Nf3 Nf6 3. Bf4 e6 4. Nbd2 c5 5. e3 Be7 6. c3 O-O 7. Bd3 b6 8. e4
dxe4 9. Nxe4 Bb7 10. Qe2 Nxe4 11. Bxe4 Bxe4 12. Qxe4 Nd7 13. O-O cxd4 14. Nxd4
Nc5 15. Qe2 Qd5 16. Rfd1 Rfd8 17. Be3 Qe4 18. Rd2 Rd7 19. Rad1 Rad8 20. f3 Qb7
21. Qf2 g6 22. Qg3 Bf6 23. Bg5 Bxg5 24. Qxg5 Rd5 25. Qe3 e5 26. Nb5 a6 27. Na3
e4 28. b4 Rxd2 29. Rxd2 Rxd2 30. Qxd2 Nd3 31. fxe4 Qxe4 32. Nc2 b5 33. h3 h5
34. Ne3 f5 35. a3 Kg7 36. Nf1 f4 37. Qd1 Ne1 38. Qd7+ Kh6 39. Qd2 Nd3 40. Kh2
g5 41. Qd1 Kg6 42. Qb3 Kg7 43. Qc2 g4 44. hxg4 hxg4 45. Nd2 g3+ 0-1

[Event "4NCL Division 4 South"]
[Site "Maidenhead, ENG"]
[Date "2019.11.10"]
[Round "2.65"]
[White "Mashayekh, Majid"]
[Black "Sloan, Hamish"]
[Result "1-0"]
[WhiteElo "1875"]
[BlackElo "1516"]
[PlyCount "87"]
[EventDate "2019.11.10"]
[WhiteTeam "CSC 2"]
[BlackTeam "The Pitstop"]

1. Nf3 g6 2. d4 Nf6 3. c4 Bg7 4. Nc3 O-O 5. e4 d6 6. Be2 c5 7. d5 Nbd7 8. h3
Ne8 9. Qc2 Ne5 10. Be3 Nxf3+ 11. Bxf3 f5 12. O-O f4 13. Bd2 e5 14. dxe6 Bxe6
15. Ne2 Be5 16. Bc3 Qg5 17. Kh1 Qf6 18. Bxe5 Qxe5 19. Rad1 Nc7 20. Rd3 Rad8 21.
Rfd1 Rd7 22. b3 Rfd8 23. Qd2 b6 24. Qxf4 Qxf4 25. Nxf4 Kf7 26. Nxe6 Nxe6 27.
Bg4 h5 28. Bxe6+ Kxe6 29. Rd5 Rf8 30. Kg1 Rf4 31. f3 Ke7 32. Kf2 Rf8 33. Ke3
Rfd8 34. f4 Ke6 35. Kf3 Kf6 36. g4 h4 37. g5+ Ke6 38. Kg4 Rf8 39. f5+ gxf5+ 40.
exf5+ Ke7 41. Re1+ Kf7 42. Kxh4 Kg7 43. Re6 Rfd8 44. Kg4 1-0

[Event "4NCL Division 4 South"]
[Site "Maidenhead, ENG"]
[Date "2019.11.10"]
[Round "2.66"]
[White "Wright, Bernard"]
[Black "Frostick, Helen M"]
[Result "0-1"]
[WhiteElo "1000"]
[BlackElo "1909"]
[PlyCount "50"]
[EventDate "2019.11.10"]
[WhiteTeam "The Pitstop"]
[BlackTeam "CSC 2"]

1. e4 e6 2. d3 d5 3. exd5 exd5 4. Be2 Nf6 5. Bg5 h6 6. Bxf6 Qxf6 7. c3 Bd6 8.
d4 O-O 9. Nf3 c6 10. Nbd2 Re8 11. Nb3 Bg4 12. Qd3 Bxf3 13. Qxf3 Qxf3 14. gxf3
Nd7 15. Rd1 Re7 16. Rd2 Rae8 17. Kd1 Nf6 18. Bd3 Nh5 19. Re2 Nf4 20. Rxe7 Bxe7
21. Kd2 b6 22. Nc1 Nh3 23. Re1 Bg5+ 24. Re3 Nxf2 25. Ne2 Bxe3+ 0-1

[Event "4NCL Division 4 South"]
[Site "Maidenhead, ENG"]
[Date "2019.11.10"]
[Round "2.71"]
[White "Rogacewicz, Mikolaj"]
[Black "Deacon, David J"]
[Result "1/2-1/2"]
[WhiteElo "2057"]
[BlackElo "1615"]
[PlyCount "90"]
[EventDate "2019.11.10"]
[WhiteTeam "Sussex Martlets 2"]
[BlackTeam "Wessex D"]

1. d4 Nf6 2. c4 g6 3. Nc3 d5 4. cxd5 Nxd5 5. e4 Nxc3 6. bxc3 Bg7 7. Nf3 c5 8.
Rb1 O-O 9. Be2 Nc6 10. d5 Ne5 11. Nd2 f5 12. O-O fxe4 13. Nxe4 Bf5 14. f3 b6
15. h3 Nf7 16. c4 Nd6 17. Bd3 Bxe4 18. fxe4 Bd4+ 19. Kh1 Rxf1+ 20. Qxf1 Qf8 21.
Bf4 Qf6 22. Qf3 g5 $11 23. Bg3 Qxf3 24. gxf3 Nf7 25. Kg2 Ne5 26. Rb3 Rf8 27.
Be2 Rf6 28. h4 h6 29. Ra3 a5 30. Rb3 Kf7 31. Rb1 Ke8 32. Rh1 Ng6 33. hxg5 hxg5
34. Rh5 Nf4+ 35. Bxf4 gxf4 36. Rg5 Kf7 37. Kh3 Rh6+ 38. Kg4 Rh2 39. Bf1 Rxa2
40. Kxf4 a4 41. Bh3 Re2 42. Be6+ Kf6 43. Rf5+ Kg6 44. Rg5+ Kf6 45. Rf5+ Kg6
1/2-1/2

[Event "4NCL Division 4 South"]
[Site "Maidenhead, ENG"]
[Date "2019.11.10"]
[Round "2.72"]
[White "Smith, Steven J"]
[Black "Forster, Matthew"]
[Result "0-1"]
[WhiteElo "1662"]
[BlackElo "2014"]
[PlyCount "80"]
[EventDate "2019.11.10"]
[WhiteTeam "Wessex D"]
[BlackTeam "Sussex Martlets 2"]

1. d4 c5 2. d5 d6 3. c4 Nf6 4. Nc3 g6 5. e4 Bg7 6. f4 Nbd7 7. Nf3 O-O 8. Be2
Re8 9. O-O e5 10. dxe6 Rxe6 11. e5 Ne8 12. Ng5 Nb6 13. Nxe6 Bxe6 14. Nd5 dxe5
15. fxe5 Bxe5 16. Be3 Rc8 17. Nxb6 Qxb6 18. Qc2 Nd6 19. Rad1 Nf5 20. Bf2 Qc7
21. h3 Bd4 22. Bd3 Be5 23. b3 Nd4 24. Bxd4 Bxd4+ 25. Kh1 Qg3 26. Rf3 Qh4 27.
Rdf1 Re8 28. Rf4 Qh6 29. R4f3 Re7 30. Qc1 Qh5 31. Qf4 Be5 32. Qe4 f6 33. Rxf6
Bxh3 34. Rf8+ Kg7 35. Kg1 Bd4+ 36. R8f2 Rxe4 37. Bxe4 Bg4 38. Bxb7 Be2 39. Bf3
Bxf3 40. gxf3 Qxf3 0-1

[Event "4NCL Division 4 South"]
[Site "Maidenhead, ENG"]
[Date "2019.11.10"]
[Round "2.73"]
[White "Higgs, Anthony R J"]
[Black "Deacon, Matthew"]
[Result "1-0"]
[WhiteElo "2050"]
[BlackElo "1244"]
[PlyCount "41"]
[EventDate "2019.11.10"]
[WhiteTeam "Sussex Martlets 2"]
[BlackTeam "Wessex D"]

1. d4 Nf6 2. Nc3 g6 3. e4 d6 4. Be2 Bg7 5. Be3 O-O 6. Qd2 Ng4 7. Bxg4 Bxg4 8.
f3 Bc8 9. Nge2 Nd7 10. O-O-O Rb8 11. Bh6 c5 12. Bxg7 Kxg7 13. h4 b5 14. h5 b4
15. hxg6 fxg6 16. Qh6+ Kf7 17. Qxh7+ Ke8 18. Qxg6+ Rf7 19. Rh7 Qa5 20. Qxf7+
Kd8 21. Nd5 1-0

[Event "4NCL Division 4 South"]
[Site "Maidenhead, ENG"]
[Date "2019.11.10"]
[Round "2.74"]
[White "Deacon, Nicholas"]
[Black "Howell, Oliver W"]
[Result "0-1"]
[WhiteElo "1300"]
[BlackElo "1982"]
[PlyCount "106"]
[EventDate "2019.11.10"]
[WhiteTeam "Wessex D"]
[BlackTeam "Sussex Martlets 2"]

1. d4 Nf6 2. c4 g6 3. Nc3 Bg7 4. Bf4 O-O 5. e3 d6 6. Nf3 Nbd7 7. Be2 c5 8. O-O
cxd4 9. exd4 b6 10. d5 a5 11. Nb5 Nc5 12. Re1 Bd7 13. a4 Ne8 14. Qc2 Nc7 15.
Ra3 Bf5 16. Qc1 Nxb5 17. axb5 Re8 18. Bh6 Bh8 19. Nh4 e6 20. dxe6 Qxh4 21.
exf7+ Kxf7 22. Bf3 Be5 23. Bd5+ Ne6 24. g3 Qg4 25. Bf3 Qd4 26. Bxa8 Rxa8 27. b4
Qb2 28. Qe3 Qxb4 29. Rb3 Qc5 30. Qf3 Rc8 31. g4 Nd4 32. Qb7+ Qc7 33. Qxc7+ Rxc7
34. gxf5 Nxb3 35. fxg6+ $11 hxg6 36. Be3 Nd4 37. Kg2 Nc2 38. Rc1 Nxe3+ 39. fxe3
a4 40. Rf1+ Ke6 41. Rf2 a3 42. Rc2 Bb2 43. Rd2 a2 44. Rd1 Rxc4 45. Kf2 Rc1 46.
Rxc1 Bxc1 47. Ke2 a1=Q 48. e4 Qc3 49. e5 Qe3+ 50. Kf1 Qf3+ 51. Ke1 Be3 52. exd6
Qf2+ 53. Kd1 Qd2# 0-1

[Event "4NCL Division 4 South"]
[Site "Maidenhead, ENG"]
[Date "2019.11.10"]
[Round "2.75"]
[White "Howell, Chris I"]
[Black "Jerome, David"]
[Result "1-0"]
[WhiteElo "1956"]
[BlackElo "1217"]
[PlyCount "61"]
[EventDate "2019.11.10"]
[WhiteTeam "Sussex Martlets 2"]
[BlackTeam "Wessex D"]

1. e4 e6 2. d4 d5 3. Nd2 Nc6 4. c3 g6 5. Ngf3 Be7 6. Bd3 a5 7. h4 h6 8. e5 b6
9. Qe2 Bd7 10. Nf1 Na7 11. Bf4 c5 12. Ne3 c4 13. Bc2 Qc7 14. Nd2 O-O-O 15. Qf3
f6 16. exf6 Nxf6 17. Bxc7 Kxc7 18. Bxg6 Rhf8 19. Qe2 Nc6 20. h5 e5 21. dxe5
Nxe5 22. Nxd5+ Kd6 23. Nxc4+ Nxc4 24. Qxe7+ Kxd5 25. O-O-O+ Kc6 26. Rh4 Kb5 27.
a4+ Kxa4 28. Rxc4+ Kb5 29. Bd3 Nd5 30. Rc8+ Ka4 31. Qa3# 1-0

[Event "4NCL Division 4 South"]
[Site "Maidenhead, ENG"]
[Date "2019.11.10"]
[Round "2.76"]
[White "Cuthbert, Larissa"]
[Black "Graham, William M"]
[Result "0-1"]
[WhiteElo "1034"]
[BlackElo "1990"]
[PlyCount "70"]
[EventDate "2019.11.10"]
[WhiteTeam "Wessex D"]
[BlackTeam "Sussex Martlets 2"]

1. e4 e6 2. d4 d5 3. Nc3 Nf6 4. e5 Nfd7 5. f4 c5 6. Nf3 Nc6 7. Be3 Be7 8. Qd2
O-O 9. O-O-O a6 10. Qf2 cxd4 11. Nxd4 Nxd4 12. Bxd4 Qa5 13. Qg3 f6 14. Qg4 f5
15. Qf3 b5 16. Kb1 b4 17. Ne2 Nc5 18. Bxc5 Bxc5 19. Nd4 Qb6 20. Nb3 Be7 21. h4
a5 22. Rh3 a4 23. Na1 Ba6 24. h5 Rfc8 25. Bd3 a3 26. b3 Qd4 27. Kc1 Qxa1+ 28.
Kd2 Qc3+ 29. Kc1 Bxd3 30. Qxd3 Qb2+ 31. Kd2 Rc3 32. Qb5 Qxc2+ 33. Ke1 Rxh3 34.
gxh3 Bh4+ 35. Kf1 Qf2# 0-1

[Event "4NCL Division 4 South"]
[Site "Maidenhead, ENG"]
[Date "2019.11.10"]
[Round "2.81"]
[White "Elwin, Adrian G"]
[Black "Pink, Joshua"]
[Result "1/2-1/2"]
[WhiteElo "1983"]
[BlackElo "2057"]
[PlyCount "171"]
[EventDate "2019.11.10"]
[WhiteTeam "MK Phoenix 2"]
[BlackTeam "Throw in the Tal"]

1. d4 d5 2. c4 dxc4 3. Nc3 a6 4. a4 c6 5. e3 e6 6. Bxc4 Nf6 7. f4 Bb4 8. Qc2 c5
9. Nf3 Nc6 10. dxc5 Bxc5 11. O-O O-O 12. Kh1 Qc7 13. Ng5 Nb4 14. Qe2 b6 15. e4
h6 16. e5 Nfd5 17. Nge4 Ne7 18. Nxc5 bxc5 19. Be3 Nf5 20. Rac1 Bb7 21. Qf2 Rac8
22. Be2 Rfd8 23. Rfd1 Rxd1+ 24. Nxd1 Nxe3 25. Nxe3 Be4 26. Nc4 Qc6 27. b3 Bd5
28. Rc3 Rc7 29. h3 Bxc4 30. Bxc4 Nd5 31. Rd3 Qb7 32. Qf3 Rd7 33. f5 Qb4 34.
fxe6 Qe1+ 35. Kh2 Qxe5+ 36. Qg3 Qxg3+ 37. Kxg3 fxe6 38. Bxa6 Kf8 39. Bc4 Ke7
40. Bxd5 exd5 41. Kf4 Kd6 42. Ke3 d4+ 43. Kd2 $11 Kd5 44. Rg3 Rf7 45. Rf3 Rb7
46. Ke2 Ke4 47. Rg3 g5 48. Rd3 Rb4 49. Rg3 c4 50. bxc4 Rxc4 51. Kd2 Rxa4 52.
Rg4+ Ke5 53. Kd3 Ra3+ 54. Kd2 Re3 55. Kc1 Kd5 56. Kd2 Re4 57. Rg3 Rf4 58. Ke2
Ke4 59. Ra3 Rf6 60. Rg3 Rf5 61. Rg4+ Rf4 62. Rg3 Kf5 63. Ra3 Re4+ 64. Kf3 Re5
65. Ra8 Re3+ 66. Kf2 Ke4 67. Ra6 Rb3 68. Re6+ Kd3 69. Rxh6 Rb2+ 70. Kf3 Kd2 71.
h4 gxh4 72. Rxh4 d3 73. Rh7 Rb8 74. Rd7 Rf8+ 75. Ke4 Ke2 76. g4 d2 77. g5 d1=Q
78. Rxd1 Kxd1 79. Ke5 Ke2 80. g6 Kf3 81. g7 Ra8 82. Kf5 Kg3 83. Kg6 Kg4 84. Kh7
Ra7 85. Kh8 Rxg7 86. Kxg7 1/2-1/2

[Event "4NCL Division 4 South"]
[Site "Maidenhead, ENG"]
[Date "2019.11.10"]
[Round "2.82"]
[White "Ireland, David J"]
[Black "Valentine, Brian J"]
[Result "0-1"]
[WhiteElo "1960"]
[BlackElo "1958"]
[PlyCount "70"]
[EventDate "2019.11.10"]
[WhiteTeam "Throw in the Tal"]
[BlackTeam "MK Phoenix 2"]

1. e4 e5 2. Nf3 Nc6 3. Bc4 Bc5 4. b4 Bxb4 5. c3 Ba5 6. d4 b5 7. Bxb5 Nxd4 8.
Nxd4 exd4 9. Qxd4 Qf6 10. O-O Bb6 11. Qd3 Ne7 12. Nd2 O-O 13. Ba3 Re8 14. Nc4
Ng6 15. Nxb6 axb6 16. Bb2 c6 17. Bc4 Ne5 18. Qe2 Nxc4 19. Qxc4 Ba6 20. Qb3 Bxf1
21. Rxf1 Qe6 22. c4 Qxe4 23. Qc3 Qg6 24. h4 f6 25. Rd1 Qf5 26. Rd3 Re2 27. Rg3
Qb1+ 28. Bc1 Kf7 29. Kh2 Qe4 30. Be3 Rc2 31. Qb3 Qxc4 32. Qxb6 Rcxa2 33. Qc7
Qe6 34. h5 R2a5 35. Qf4 Rxh5+ 0-1

[Event "4NCL Division 4 South"]
[Site "Maidenhead, ENG"]
[Date "2019.11.10"]
[Round "2.83"]
[White "Williamson, Kevin J"]
[Black "Riou-Durand, Lionel"]
[Result "0-1"]
[WhiteElo "1851"]
[BlackElo "1950"]
[PlyCount "106"]
[EventDate "2019.11.10"]
[WhiteTeam "MK Phoenix 2"]
[BlackTeam "Throw in the Tal"]

1. d4 e6 2. Nf3 f5 3. Nc3 Nf6 4. Bg5 Bb4 5. a3 Bxc3+ 6. bxc3 O-O 7. e3 b6 8.
Bd3 Bb7 9. Qe2 c5 10. O-O Qe8 11. Bxf6 Rxf6 12. Rab1 Qh5 13. Ne1 Qxe2 14. Bxe2
Na6 15. Bf3 Bxf3 16. Nxf3 Rc8 17. Rfc1 Nb8 18. Kf1 d6 19. Ke2 Nc6 20. Nd2 e5
21. d5 Na5 22. c4 f4 23. e4 g5 24. f3 h5 25. h3 Rc7 26. Rh1 Rg7 27. Rbg1 Kf7
28. Kf2 g4 29. hxg4 hxg4 30. Rh8 Rfg6 31. Rhh1 Kf6 32. Kf1 Nb7 33. Kf2 Nd8 34.
fxg4 Rxg4 35. Rh6+ Ke7 36. Nf3 Nf7 37. Rh4 R4g6 38. Rh3 Ng5 39. Nxg5 Rxg5 40.
Rb3 Rg3 41. Rd3 Kd7 42. a4 Kc7 43. a5 bxa5 44. Rxg3 Rxg3 45. Ra1 Kb6 46. Rb1+
Ka6 47. Ke1 Rxg2 48. Rb2 a4 49. Kd1 f3 50. Ke1 Re2+ 51. Kf1 Rxe4 52. Kf2 Rxc4
53. Kxf3 Rd4 0-1

[Event "4NCL Division 4 South"]
[Site "Maidenhead, ENG"]
[Date "2019.11.10"]
[Round "2.84"]
[White "Graff, Ben"]
[Black "Obi, Marc On"]
[Result "0-1"]
[WhiteElo "1885"]
[BlackElo "1802"]
[PlyCount "88"]
[EventDate "2019.11.10"]
[WhiteTeam "Throw in the Tal"]
[BlackTeam "MK Phoenix 2"]

1. d4 d5 2. Bf4 Bf5 3. e3 Nf6 4. c4 c6 5. Qb3 Qc8 6. Nc3 e6 7. h3 Be7 8. Nf3
Ne4 9. Be2 Nd7 10. O-O Nxc3 11. bxc3 O-O 12. cxd5 exd5 13. c4 dxc4 14. Bxc4 Nb6
15. Bd3 Bxd3 16. Qxd3 Qe6 17. a4 Nd5 18. Bg3 Nb4 19. Qc3 a5 20. Ne5 Bd6 21. f4
f6 22. Qc4 Rfe8 23. Qxe6+ Rxe6 24. Nc4 Bf8 25. f5 Re4 26. Rf4 Rxf4 27. Bxf4 Nd5
28. Bg3 Bb4 29. Be1 Bxe1 30. Rxe1 b5 31. axb5 cxb5 32. Nd6 b4 33. e4 Nc3 34. e5
Nd5 35. e6 Kf8 36. Nc4 a4 37. Ne3 Nxe3 38. Rxe3 Ke7 39. d5 a3 40. Rd3 Kd6 41.
Rg3 Ra7 42. Rg4 a2 43. Rxb4 a1=Q+ 44. Kh2 Qe5+ 0-1

[Event "4NCL Division 4 South"]
[Site "Maidenhead, ENG"]
[Date "2019.11.10"]
[Round "2.85"]
[White "Whiteside, Robert"]
[Black "Davidson, Laura"]
[Result "1/2-1/2"]
[WhiteElo "1792"]
[BlackElo "1735"]
[PlyCount "49"]
[EventDate "2019.11.10"]
[WhiteTeam "MK Phoenix 2"]
[BlackTeam "Throw in the Tal"]

1. e4 e5 2. Nf3 Nc6 3. d4 exd4 4. Bc4 Nf6 5. O-O Nxe4 6. Re1 d5 7. Bxd5 Qxd5 8.
Nc3 Qh5 9. Nxe4 Be6 10. Bg5 Bb4 11. Nxd4 Qxd1 12. Rexd1 Nxd4 13. Rxd4 Be7 14.
Re1 Rd8 15. Rxd8+ Kxd8 16. Rd1+ Ke8 17. Bf4 c6 18. Nd6+ Bxd6 19. Bxd6 f6 20. b3
Kf7 21. c4 Re8 22. Kf1 a6 23. Bc5 Bf5 24. f3 a5 25. Kf2 1/2-1/2

[Event "4NCL Division 4 South"]
[Site "Maidenhead, ENG"]
[Date "2019.11.10"]
[Round "2.86"]
[White "Woolgar, Steven G"]
[Black "Shaw, John S"]
[Result "0-1"]
[WhiteElo "1669"]
[BlackElo "1667"]
[PlyCount "62"]
[EventDate "2019.11.10"]
[WhiteTeam "Throw in the Tal"]
[BlackTeam "MK Phoenix 2"]

1. c4 e5 2. Nc3 d6 3. g3 f5 4. Bg2 Nf6 5. d3 Be7 6. f4 O-O 7. Nf3 Nc6 8. O-O
Qe8 9. Nd5 Bd8 10. fxe5 dxe5 11. Bg5 Qf7 12. Bxf6 Bxf6 13. e3 Be6 14. Nxf6+
Qxf6 15. Qe2 Rae8 16. Nd2 Bd7 17. Bh3 Qh6 18. Bg2 f4 19. Bxc6 Bxc6 20. e4 fxg3
21. Rxf8+ Rxf8 22. hxg3 Qg5 23. Qg2 Qe3+ 24. Kh1 Rf2 25. Nf1 Qh6+ 26. Kg1 Rxg2+
27. Kxg2 Qg6 28. Re1 h5 29. Ne3 Bd7 30. Nd5 Qg5 31. Rf1 h4 0-1

[Event "4NCL Division 4 South"]
[Site "Maidenhead, ENG"]
[Date "2019.11.10"]
[Round "2.91"]
[White "Webster, David"]
[Black "Neatherway, A Philip"]
[Result "1/2-1/2"]
[WhiteElo "1968"]
[BlackElo "1854"]
[PlyCount "40"]
[EventDate "2019.11.10"]
[WhiteTeam "Celtic Tigers 2"]
[BlackTeam "Oxford 5"]

1. e4 e6 2. d3 d5 3. Nd2 c5 4. Ngf3 Nc6 5. g3 Bd6 6. Bg2 Nge7 7. O-O O-O 8. Nh4
b5 9. f4 f5 10. Nhf3 Qb6 11. Kh1 Bd7 12. Re1 Rae8 13. c3 a5 14. exd5 exd5 15.
Ne5 Bxe5 16. fxe5 Be6 17. Nf3 h6 18. d4 cxd4 19. Nxd4 Nxd4 20. cxd4 Rc8 1/2-1/2

[Event "4NCL Division 4 South"]
[Site "Maidenhead, ENG"]
[Date "2019.11.10"]
[Round "2.92"]
[White "Henbest, Kevin B"]
[Black "Tivillier, Jacques"]
[Result "0-1"]
[WhiteElo "1649"]
[BlackElo "1922"]
[PlyCount "66"]
[EventDate "2019.11.10"]
[WhiteTeam "Oxford 5"]
[BlackTeam "Celtic Tigers 2"]

1. e4 c5 2. Nf3 d6 3. d4 cxd4 4. Nxd4 Nf6 5. Nc3 a6 6. f4 Qc7 7. Bd3 e6 8. O-O
b5 9. a3 Bb7 10. Nf3 Nbd7 11. Kh1 Be7 12. Qe1 Nc5 13. b4 Nxd3 14. cxd3 O-O 15.
Bd2 Rfe8 16. Nh4 Qd8 17. Nf3 Bf8 18. h3 e5 19. f5 d5 20. g4 dxe4 21. dxe4 Qd3
22. g5 Nxe4 23. Nxe4 Bxe4 24. Kg2 Rad8 25. Rd1 Bxf5 26. Kh2 e4 27. Nh4 Qxh3+
28. Kg1 Qg4+ 29. Kh1 Rd3 30. Ng2 Bd6 31. Nf4 Rh3+ 32. Nxh3 Qxh3+ 33. Kg1 Qh2#
0-1

[Event "4NCL Division 4 South"]
[Site "Maidenhead, ENG"]
[Date "2019.11.10"]
[Round "2.93"]
[White "Cranston, Adam"]
[Black "Burcham, Tony"]
[Result "1/2-1/2"]
[WhiteElo "1817"]
[BlackElo "1648"]
[PlyCount "25"]
[EventDate "2019.11.10"]
[WhiteTeam "Celtic Tigers 2"]
[BlackTeam "Oxford 5"]

1. d4 e6 2. Bf4 d5 3. e3 f5 4. c4 c6 5. Nc3 Nf6 6. Nf3 Be7 7. Bd3 O-O 8. O-O
Bd7 9. Ne5 Be8 10. h3 Nbd7 11. a3 Ne4 12. Rc1 Nxe5 13. Bxe5 1/2-1/2

[Event "4NCL Division 4 South"]
[Site "Maidenhead, ENG"]
[Date "2019.11.10"]
[Round "2.94"]
[White "Arora, Tashika"]
[Black "Hoong, Jonathan"]
[Result "0-1"]
[WhiteElo "1690"]
[BlackElo "1780"]
[PlyCount "140"]
[EventDate "2019.11.10"]
[WhiteTeam "Oxford 5"]
[BlackTeam "Celtic Tigers 2"]

1. d4 Nf6 2. Nf3 g6 3. Bf4 Bg7 4. e3 d6 5. Be2 O-O 6. O-O Nbd7 7. c4 Re8 8. Nc3
e5 9. dxe5 dxe5 10. Nxe5 Nh5 11. Bxh5 Nxe5 12. Be2 c6 13. Qc2 Bf5 14. e4 Be6
15. b3 Qf6 16. Bd2 Rad8 17. Qc1 Nd3 18. Bxd3 Rxd3 19. Ne2 Qxa1 20. Qc2 Rxd2 21.
Qxd2 Qb2 22. Qxb2 Bxb2 23. Rd1 Bf6 24. f3 Rd8 25. Rxd8+ Bxd8 26. Kf1 a5 27. Ke1
Kg7 28. Kd2 Kf6 29. Kd3 Ke5 30. Nc3 f5 31. g3 fxe4+ 32. Nxe4 Bf5 33. f4+ Ke6
34. Kd4 Bxe4 35. Kxe4 Be7 36. g4 Bd6 37. h3 h6 38. a4 Kf6 39. h4 h5 40. Kf3 Ke6
41. Kg3 Bb4 42. Kf3 Be1 43. gxh5 gxh5 44. Kg2 Bxh4 45. Kf3 Kf5 46. Ke3 Be7 47.
Kf3 Bd6 48. Kg3 Bxf4+ 49. Kh4 Kg6 50. Kh3 Bg5 51. Kg3 Kf5 52. Kf3 Ke5 53. Kg3
Kd4 54. Kf3 Kc3 55. Kg3 Kxb3 56. Kf3 Kxc4 57. Ke4 h4 58. Kf3 Kd4 59. Kg4 c5 60.
Kh3 c4 61. Kg4 c3 62. Kh3 c2 63. Kg4 c1=Q 64. Kh3 Qc8+ 65. Kg2 Qf5 66. Kh2 Qf2+
67. Kh1 Qf3+ 68. Kg1 Be3+ 69. Kh2 Qg3+ 70. Kh1 Qg1# 0-1

[Event "4NCL Division 4 South"]
[Site "Maidenhead, ENG"]
[Date "2019.11.10"]
[Round "2.95"]
[White "Kitchen, Peter J"]
[Black "Kassey, Amaan"]
[Result "1-0"]
[WhiteElo "1669"]
[BlackElo "1562"]
[PlyCount "91"]
[EventDate "2019.11.10"]
[WhiteTeam "Celtic Tigers 2"]
[BlackTeam "Oxford 5"]

1. Nf3 Nf6 2. d4 d6 3. c4 g6 4. g3 Bg7 5. Bg2 O-O 6. O-O Bf5 7. Nc3 Nbd7 8. Re1
c5 9. e4 Bg4 10. h3 Bxf3 11. Bxf3 Qc7 12. d5 Nb6 13. Be2 Rfe8 14. Qc2 Qc8 15.
Kh2 Qc7 16. Rb1 a6 17. Be3 a5 18. b3 Nbd7 19. a3 b6 20. b4 Reb8 21. f4 Qc8 22.
Bf2 Ne8 23. Qd2 Qc7 24. g4 Qd8 25. Bf3 Qc7 26. b5 Bxc3 27. Qxc3 f6 28. Bg3 Ng7
29. Rbd1 Rf8 30. Kg2 Rae8 31. e5 Qb8 32. e6 Qc8 33. exd7 Qxd7 34. Re2 Kf7 35.
Rde1 Qc8 36. h4 h6 37. Qd3 Rh8 38. h5 f5 39. hxg6+ Kxg6 40. gxf5+ Kf7 41. Rh1
Nxf5 42. Bh5+ Kf8 43. Re6 Nd4 44. Qg6 Rh7 45. Qxh7 Qd7 46. Qf7# 1-0

[Event "4NCL Division 4 South"]
[Site "Maidenhead, ENG"]
[Date "2019.11.10"]
[Round "2.96"]
[White "Beckett, Richard"]
[Black "Portheault, Benjamin"]
[Result "1-0"]
[WhiteElo "1618"]
[BlackElo "1550"]
[PlyCount "119"]
[EventDate "2019.11.10"]
[WhiteTeam "Oxford 5"]
[BlackTeam "Celtic Tigers 2"]

1. e4 c5 2. Nf3 g6 3. d4 cxd4 4. Nxd4 Nc6 5. Nc3 Bg7 6. Be3 Nf6 7. Bc4 O-O 8.
f3 Qb6 9. Qd2 Qxb2 10. Rb1 Qa3 11. Ndb5 Qa5 12. Nd5 Qxd2+ 13. Kxd2 b6 14. Ndc7
Rb8 15. Rhd1 Bb7 16. Ke2 d6 17. a4 Ne8 18. Nd5 e6 19. Ndc7 Nxc7 20. Nxc7 Rfd8
21. Nb5 Bf8 22. Nxa7 Nxa7 23. Bxb6 Nc6 24. Bxd8 Nxd8 25. a5 Ra8 26. Ra1 Ba6 27.
Bxa6 Rxa6 28. Rdb1 Nc6 29. Rb6 Rxa5 30. Rxa5 Nxa5 31. Kd3 Be7 32. Kc3 d5 33.
exd5 exd5 34. Rb5 Bf6+ 35. Kd3 Nc6 36. f4 Kg7 37. c3 h6 38. Rxd5 g5 39. g3 Kg6
40. Rd6 Ne7 41. c4 Nc8 42. Ra6 Kg7 43. Ke4 Be7 44. Kd5 Bb4 45. f5 Ne7+ 46. Ke4
f6 47. g4 Bc5 48. Ra5 Bg1 49. h3 Kf7 50. c5 Bh2 51. Ra7 Ke8 52. Ra6 Kf7 53. c6
Nxc6 54. Rxc6 Be5 55. Kd5 Bf4 56. Rb6 Be5 57. Rb7+ Kg8 58. Ke6 Bd4 59. Rf7 Bc3
60. Rxf6 1-0

[Event "4NCL Division 4 South"]
[Site "Maidenhead, ENG"]
[Date "2019.11.10"]
[Round "2.101"]
[White "Vachtfeidl, Petr"]
[Black "Covey, Jason"]
[Result "1/2-1/2"]
[WhiteElo "1863"]
[BlackElo "2042"]
[PlyCount "74"]
[EventDate "2019.11.10"]
[WhiteTeam "CSC 3"]
[BlackTeam "Barnet Knights 2"]

1. d4 e6 2. c4 Nf6 3. Nc3 Bb4 4. e3 b6 5. Nge2 Ne4 6. Qc2 Bb7 7. a3 Bxc3+ 8.
Nxc3 Nxc3 9. Qxc3 Qf6 10. b4 d6 11. Bb2 Nd7 12. f3 e5 13. e4 a5 14. dxe5 Nxe5
15. c5 O-O 16. Bb5 axb4 17. axb4 Rxa1+ 18. Bxa1 Ra8 19. O-O Ra2 20. cxd6 cxd6
21. Kh1 Qg6 22. Bb2 h6 23. Ra1 Rxa1+ 24. Bxa1 Qe6 25. h3 Qa2 26. Bb2 f6 27. Kh2
Kh7 28. Bc1 Qf2 29. Qe3 Qc2 30. Qd2 Qc7 31. f4 Ng6 32. Bd3 Qc6 33. Qc2 Qe8 34.
b5 d5 35. exd5 Bxd5 36. Bxg6+ Qxg6 37. Qxg6+ Kxg6 1/2-1/2